[Event "34th OFSz Mayor's Cup"]
[Site "Zabrze POL"]
[Date "2011.09.30"]
[Round "10.4"]
[White "Gromada,A"]
[Black "Kastelik,A"]
[Result "0-1"]
[WhiteElo "1989"]
[BlackElo "2048"]

1.d4 d5 2.c4 c6 3.Nf3 Nf6 4.Nc3 dxc4 5.a4 Bf5 6.Ne5 e6 7.f3 c5 8.e4 Bg6 9.Be3 cxd4
10.Qxd4 Qxd4 11.Bxd4 Nfd7 12.Nxc4 Nc6 13.Be3 a6 14.Be2 Bc5 15.Kf2 Ke7 16.Rad1 Bxe3+
17.Kxe3 Nc5 18.Nb6 Rad8 19.Bc4 Nb4 20.Rhe1 f6 21.Ke2 Rxd1 22.Rxd1 Rd8 23.Na2 Rxd1
24.Kxd1 Nxa2 25.Bxa2 Be8 26.b3 Nd3 27.Kd2 Nb4 28.Bb1 Kd6 29.Kc3 Kc5 30.f4 Nc6
31.Nc4 b5 32.axb5 axb5 33.Nd2 b4+ 34.Kd3 Nd4 35.Ke3 Bh5 36.Bd3 Bd1 37.Bc4 Nc2+
38.Kd3 Ne1+ 39.Ke3 Nxg2+ 40.Kf2 Nxf4 41.Kg3 e5 42.Nf1 Be2 43.Nd2 Bxc4 44.Nxc4 Ne2+
45.Kf2 Nc1  0-1

[Event "FSFMB Oct"]
[Site "Budapest HUN"]
[Date "2011.10.02"]
[Round "2"]
[White "Rekasi,Tibor"]
[Black "Csetneki,M"]
[Result "0-1"]
[WhiteElo "1712"]
[BlackElo "1629"]

1.d4 d5 2.c4 c6 3.Nf3 Nf6 4.Nc3 dxc4 5.a4 Bf5 6.e3 e6 7.Bxc4 Bb4 8.O-O O-O
9.Qe2 Ne4 10.Nxe4 Bxe4 11.Bd3 Bxd3 12.Qxd3 c5 13.Bd2 Bxd2 14.Qxd2 cxd4 15.Rfd1 Nc6
16.exd4 Qf6 17.Qg5 Qxg5 18.Nxg5 Rfd8 19.Nf3 Rd5 20.Rd2 Rad8 21.Rad1 e5 22.dxe5 Rxd2
23.Rxd2 Rxd2 24.Nxd2 Nxe5 25.b4 b6 26.Kf1 Nd3 27.Ke2 Nxb4 28.Nb3 Nd5 29.Kd3 Nf4+
30.Kc4 Nxg2 31.Kb5 Nf4 32.Ka6 Nd5 33.Kxa7 Nc3 34.Nc5 bxc5 35.a5 Nd5 36.Kb7 Nb4  0-1

[Event "20th TCh-CRO 1a"]
[Site "Sibenik CRO"]
[Date "2011.10.04"]
[Round "1.3"]
[White "Sulava,N"]
[Black "Rogic,D"]
[Result "1/2-1/2"]
[WhiteElo "2540"]
[BlackElo "2570"]

1.d4 d5 2.c4 c6 3.Nf3 Nf6 4.Nc3 dxc4 5.a4 Bf5 6.e3 e6 7.Bxc4 Bb4 8.O-O Nbd7
9.Nh4 Bg6 10.h3 Qe7 11.a5 a6 12.Qb3 Bh5 13.Ra4 c5 14.Na2 g5 15.Nxb4 cxb4
16.Nf3 g4 17.hxg4 Nxg4 18.e4 Rg8 19.Bf4 Ngf6 20.Re1 Rc8 21.Bf1 Rg4 22.g3 Bg6
23.Nh2 Rxf4 24.gxf4 Bxe4 25.Qxb4 Bc6 26.Qxe7+ Kxe7 27.Ra3 Nh5 28.Be2 Rg8+
29.Kf1 Bg2+ 30.Kg1 Bf3+ 31.Kf1 Bg2+ 32.Kg1 Bf3+  1/2-1/2

[Event "20th TCh-CRO 1b"]
[Site "Sibenik CRO"]
[Date "2011.10.06"]
[Round "3.3"]
[White "Markotic,G"]
[Black "Glavas,D"]
[Result "0-1"]
[WhiteElo "2287"]
[BlackElo "2322"]

1.d4 d5 2.c4 c6 3.Nc3 Nf6 4.Nf3 dxc4 5.a4 Bf5 6.e3 e6 7.Ne5 Nbd7 8.Nxc4 Bb4
9.Be2 O-O 10.O-O a5 11.Bf3 Bg6 12.Qe2 Re8 13.Rd1 Qc7 14.Na2 Bf8 15.Bd2 Ne4
16.Be1 Ng5 17.Bh5 Bxh5 18.Qxh5 h6 19.Qe2 Ne4 20.f3 Nef6 21.Bg3 Qd8 22.Nc1 Nb6
23.Nb3 Nxc4 24.Qxc4 Nd5 25.Qe2 Qb6 26.Qd3 Rad8 27.e4 Nb4 28.Qc4 e5 29.Bf2 exd4
30.Nxd4 Bc5 31.Rac1 Na6 32.Rc2 Rd7 33.Kf1 Red8 34.Rcd2 Qb4 35.Qc3 Qxa4 36.Nf5 Qxd1+
37.Rxd1 Rxd1+ 38.Be1 Bf8 39.Ke2 g6 40.Qf6 Rxe1+ 41.Kxe1 Bb4+ 42.Kf2 Rd2+
43.Kg3 gxf5 44.e5 Nc5 45.Qxh6 Ne6 46.h4 Rxb2 47.Qf6 f4+ 48.Kh2 a4  0-1

[Event "e2e4 High Wycombe Open"]
[Site "Uplands Park ENG"]
[Date "2011.10.09"]
[Round "5"]
[White "Wells,P"]
[Black "Haydon,D"]
[Result "1-0"]
[WhiteElo "2497"]
[BlackElo "2290"]

1.d4 c6 2.c4 d5 3.Nf3 Nf6 4.Nc3 dxc4 5.a4 Bf5 6.Ne5 e6 7.f3 Nbd7 8.e4 Bg6
9.Nxc4 a5 10.Be3 Bb4 11.Be2 Qe7 12.O-O O-O 13.Na2 Rfd8 14.Nxb4 axb4 15.Qb3 e5
16.dxe5 Nxe5 17.Nb6 Rab8 18.Rac1 Ned7 19.Nc4 c5 20.Bf4 Ra8 21.Rfd1 b6 22.Bc7 Re8
23.Nxb6 Nxb6 24.Bxb6 Rec8 25.Bb5 Rab8 26.a5 Nh5 27.Qe3 Qe5 28.Rxc5 Qxb2 29.Rxc8+ Rxc8
30.Qc5 Rf8 31.Qxf8+  1-0

[Event "World Amateur Chess Championship"]
[Site "Antalya TUR"]
[Date "2011.10.10"]
[Round "9"]
[White "Avci,A"]
[Black "Silva,Jor COL"]
[Result "0-1"]
[WhiteElo "1838"]
[BlackElo "1986"]

1.d4 d5 2.c4 c6 3.Nf3 Nf6 4.Nc3 dxc4 5.a4 Bf5 6.e3 e6 7.Bxc4 Bb4 8.O-O Nbd7
9.Bd3 Bxd3 10.Qxd3 O-O 11.Rd1 Qa5 12.Bd2 Rad8 13.Ne4 Nd5 14.Bxb4 Qxb4 15.a5 f5
16.Ned2 c5 17.Qc4 Rc8 18.Rdc1 Rc7 19.Qxb4 Nxb4 20.Ng5 Rc6 21.dxc5 Nxc5 22.Ndf3 Nbd3
23.Rc3 h6 24.Nd4 Ra6 25.Ngxe6 Nxe6 26.Nxe6 Rxe6 27.Rxd3 f4 28.exf4 Rxf4 29.g3 Rb4
30.b3 Ra6 31.Rc1 Rxa5 32.Rc8+ Kh7 33.Rc7 Rg5 34.Rdd7 b6 35.Rxa7 Rxb3 36.Rab7 h5
37.h4 Rg6 38.Rd8 Rb2 39.Rbb8 Rf6 40.Rh8+ Kg6 41.f4 Rc6 42.f5+ Kxf5 43.Rbf8+ Kg4
44.Rf1 Rcc2 45.Rd1 Rg2+ 46.Kf1 Rh2 47.Kg1 Rbg2+ 48.Kf1 Kh3  0-1

[Event "49th ch-IND NatA"]
[Site "Aurangabad IND"]
[Date "2011.10.10"]
[Round "2"]
[White "Bakre,T"]
[Black "Ravi,TeS"]
[Result "1-0"]
[WhiteElo "2507"]
[BlackElo "2300"]

1.d4 d5 2.Nf3 c6 3.c4 Nf6 4.Nc3 dxc4 5.a4 Bf5 6.e3 e6 7.Bxc4 Bb4 8.O-O Nbd7
9.Qe2 Bg6 10.e4 Bxc3 11.bxc3 Nxe4 12.Ba3 Qc7 13.Rfe1 Nxc3 14.Qb2 Ne4 15.a5 b5
16.Bf1 Nef6 17.d5 Nxd5 18.Qxg7 O-O-O 19.Bxb5 cxb5 20.Rec1 Bc2 21.Rxc2 Qxc2
22.Rc1 Qxc1+ 23.Bxc1 Nc5 24.h3 Kb7 25.Ne5 Rhe8 26.Bg5 Rc8 27.Nxf7 Rc7 28.Nd6+ Kc6
29.Qe5 Nd7 30.Qg3 Rg8 31.Nf7 e5 32.Qa3 b4 33.Qd3 Rg6 34.Qc4+ Nc5 35.Nxe5+ Kd6
36.Nxg6 Ne6 37.Be7+ Nxe7 38.Qxb4+  1-0

[Event "20th TCh-CRO 1b"]
[Site "Sibenik CRO"]
[Date "2011.10.12"]
[Round "9.4"]
[White "Horvath,Cs1"]
[Black "Georgiev,Vl"]
[Result "1/2-1/2"]
[WhiteElo "2517"]
[BlackElo "2574"]

1.d4 d5 2.c4 c6 3.Nf3 Nf6 4.Nc3 dxc4 5.a4 Bf5 6.e3 e6 7.Bxc4 Nbd7 8.O-O Bb4
9.Qe2 O-O 10.e4 Bg6 11.Bd3  1/2-1/2

[Event "11th Winterthur Open"]
[Site "Winterthur SUI"]
[Date "2011.10.12"]
[Round "5"]
[White "De Lagontrie,J"]
[Black "Kuhn,Th"]
[Result "1-0"]
[WhiteElo "1891"]
[BlackElo "2213"]

1.d4 d5 2.c4 c6 3.Nf3 Nf6 4.Nc3 dxc4 5.a4 Bf5 6.e3 e6 7.Bxc4 Bb4 8.O-O O-O
9.Qe2 Bg4 10.h3 Bh5 11.Rd1 Nbd7 12.e4 Qe7 13.g4 Bg6 14.Nh4 e5 15.g5 Nh5 16.Nf5 Qe8
17.Bb3 exd4 18.Rxd4 Bc5 19.Rd1 Rd8 20.Kg2 Qe5 21.Qg4 Bb6 22.f4 Qc5 23.Rf1 Qb4
24.Bc2 Bxf5 25.exf5 g6 26.a5 Bxa5 27.Ra4 Qc5 28.fxg6 hxg6 29.Bxg6 fxg6 30.Qe6+ Kh7
31.f5 Ne5 32.Rh4 Rde8 33.Rxh5+ gxh5 34.Qh6+ Kg8 35.f6 Rf7 36.g6 Bxc3 37.gxf7+ Kxf7
38.Qxh5+  1-0

[Event "49th ch-IND NatA"]
[Site "Aurangabad IND"]
[Date "2011.10.13"]
[Round "5"]
[White "Ashwin,J"]
[Black "Bakre,T"]
[Result "1/2-1/2"]
[WhiteElo "2473"]
[BlackElo "2507"]

1.d4 d5 2.c4 c6 3.Nf3 Nf6 4.Nc3 dxc4 5.a4 Bf5 6.e3 e6 7.Bxc4 Bb4 8.O-O Nbd7
9.Qe2 O-O 10.e4 Bg6 11.Bd3 Bh5 12.e5 Nd5 13.Nxd5 cxd5 14.Qe3 Be7 15.a5 Nb8
16.Bd2 Nc6 17.Bc3 a6 18.Ne1 Bg6 19.f4 Qd7 20.Kh1 Bxd3 21.Nxd3 f6 22.exf6 Rxf6
23.Ne5 Nxe5 24.dxe5 Rff8 25.Rad1 Rac8 26.f5 Rxf5 27.Rxf5 exf5 28.e6 Qd6 29.h3 Re8
30.Qf3 Qxe6 31.Rxd5 Bf6 32.Rxf5 Bxc3 33.bxc3 h6 34.Rf4 Qe5 35.Rf5 Qc7 36.Kg1 b5
37.axb6 Qxb6+ 38.Qf2 Re1+ 39.Kh2 Qd6+ 40.Qf4 Qxf4+  1/2-1/2

[Event "Lichtenrader Autumn"]
[Site "Berlin GER"]
[Date "2011.10.13"]
[Round "6.2"]
[White "Teske,H"]
[Black "Lagunow,A"]
[Result "1/2-1/2"]
[WhiteElo "2547"]
[BlackElo "2430"]

1.Nf3 d5 2.d4 Nf6 3.c4 c6 4.Nc3 dxc4 5.a4 Bf5 6.Ne5 Nbd7 7.Nxc4 Nb6 8.Ne5 a5
9.f3 Nfd7 10.e4 Nxe5 11.dxe5 Qxd1+ 12.Kxd1 Be6 13.Kc2 f6 14.Rb1 fxe5 15.b4 Nc4
16.Bxc4 Bxc4 17.bxa5 O-O-O 18.Rd1 Rxd1 19.Nxd1 e6 20.Ne3 Ba6 21.Ng4 Bd6 22.Bb2 Bc7
23.Bxe5 h5 24.Bxc7 hxg4 25.Bd6 Rd8 26.e5 Rh8 27.Rh1 gxf3 28.gxf3 Rh3 29.f4 Bd3+
30.Kc1 Rf3 31.Kd2 Rf1 32.Rxf1 Bxf1 33.Ke3 Bh3 34.Kd4 g6 35.Kc5 Bf1 36.h4 Bd3
37.Kb6 Bc2 38.a6 bxa6 39.a5 Bd3 40.Kxc6 Bb5+ 41.Kb6 Kd7 42.Bb4 Bf1 43.Kb7 Bb5
44.Bc5 Bf1  1/2-1/2

[Event "ch-UKR w 2011"]
[Site "Poltava UKR"]
[Date "2011.10.13"]
[Round "7.2"]
[White "Gritsayeva,O"]
[Black "Bezkorovaina,M"]
[Result "1/2-1/2"]
[WhiteElo "2320"]
[BlackElo "2023"]

1.Nf3 Nf6 2.d4 d5 3.c4 c6 4.Nc3 dxc4 5.a4 Bf5 6.e3 e6 7.Bxc4 Bd6 8.Qe2 Ne4
9.Bd3 Qa5 10.Bd2 Nxd2 11.Nxd2 Bxd3 12.Qxd3 O-O 13.Nc4 Qc7 14.g3 Na6 15.O-O Rad8
16.Rfd1 Qe7 17.Qe2 Nb4 18.Rac1 Bb8 19.e4 a6 20.Qh5 Ba7 21.Ne2 b5 22.Ne3 c5
23.d5 c4 24.axb5 Bxe3 25.fxe3 exd5 26.Rd4 axb5 27.Nc3 f5 28.Rf1 fxe4 29.Rxf8+ Rxf8
30.Nxd5 Nxd5 31.Qxd5+ Qf7 32.Kg2 Qxd5 33.Rxd5 Rb8 34.Rd4 Rc8 35.Kf2 b4 36.Ke2 c3
37.bxc3 bxc3 38.Kd1 c2+ 39.Kc1 Rc3 40.Rxe4 h6  1/2-1/2

[Event "49th ch-IND NatA"]
[Site "Aurangabad IND"]
[Date "2011.10.14"]
[Round "6"]
[White "Ravi,TeS"]
[Black "Krishna,CRG"]
[Result "1/2-1/2"]
[WhiteElo "2300"]
[BlackElo "2317"]

1.d4 d5 2.Nf3 Nf6 3.c4 c6 4.Nc3 dxc4 5.a4 Bf5 6.e3 e6 7.Bxc4 Nbd7 8.Qb3 Qb6
9.a5 Qxb3 10.Bxb3 Bb4 11.a6 b6 12.Bd2 O-O 13.Ra4 Ba5 14.Nh4 Bd3 15.Bc4 Bxc4
16.Rxc4 Bxc3 17.bxc3 c5 18.Ra4 Ne4 19.Nf3 Rab8 20.Ne5 Nxe5 21.dxe5 Nxd2 22.Kxd2 Rfd8+
23.Kc2 Rd5 24.Rd1 Rbd8 25.Rxd5 Rxd5 26.f4 Kf8 27.Ra2 Ke7 28.Rb2 Rd7 29.Kb3 Kd8
30.e4 Kc7 31.f5 Kc6  1/2-1/2

[Event "Indonesia Open"]
[Site "Jakarta INA"]
[Date "2011.10.14"]
[Round "3.21"]
[White "Irwanto,S"]
[Black "Surya,W"]
[Result "0-1"]
[WhiteElo "2429"]
[BlackElo "2255"]

1.d4 d5 2.Nf3 Nf6 3.c4 c6 4.Nc3 dxc4 5.a4 Bf5 6.e3 e6 7.Bxc4 Bb4 8.O-O Nbd7
9.Qe2 O-O 10.e4 Bg6 11.Bd3 Bh5 12.e5 Nd5 13.Nxd5 cxd5 14.Qe3 Re8 15.Ng5 Bg6
16.f4 h6 17.Bxg6 fxg6 18.Nf3 Rc8 19.Qd3 Nf8 20.Be3 a6 21.Rfc1 Qd7 22.b3 Rxc1+
23.Rxc1 Rc8 24.Rxc8 Qxc8 25.Kf2 Kf7 26.g4 Be7 27.Ke2 Qd7 28.Qc2 b5 29.Ne1 Qb7
30.Nd3 Ke8 31.h3 Kd8 32.Bd2 Qc7 33.Qxc7+ Kxc7 34.a5 Nd7 35.Bb4 Bd8 36.Bd6+ Kc6
37.b4 Bh4 38.Ke3 Bd8 39.Kf3 Bh4 40.g5 h5 41.Ke3 Kb7 42.Ke2 Kc6 43.Kf3 Kb7
44.f5 gxf5 45.Nf4 Bxg5 46.Nxe6 Bh6 47.Nd8+ Kc8 48.Nf7 Bd2 49.Ke2 Bc3 50.Kd3 Be1
51.e6 Nf6 52.Ke2 Bh4 53.Be7 Bg3 54.Bd6 Ne4 55.Bxg3 Nxg3+ 56.Kf3 Ne4 57.Kf4 g6
58.Ke5 h4 59.Kxd5 g5 60.Ne5 Kd8 61.Nd3 g4 62.Nf4 Ng5 63.Ke5 gxh3 64.Kf6 h2
65.e7+ Kd7  0-1

[Event "Indonesia Open"]
[Site "Jakarta INA"]
[Date "2011.10.16"]
[Round "4.2"]
[White "Ganguly,S"]
[Black "Barbosa,O PHI"]
[Result "0-1"]
[WhiteElo "2631"]
[BlackElo "2538"]

1.d4 d5 2.c4 c6 3.Nf3 Nf6 4.Nc3 dxc4 5.a4 Bf5 6.Ne5 Nbd7 7.Nxc4 Nb6 8.Ne5 a5
9.f3 Nfd7 10.e4 Nxe5 11.exf5 Ned7 12.d5 Nf6 13.Qb3 Nfxd5 14.Nxd5 Nxd5 15.Qxb7 Rc8
16.Bd2 g6 17.Ba6 Rc7 18.Qb3 Qa8 19.Bc4 Rd7 20.Bc3 Rg8 21.f6 Rb7 22.Qa2 e6
23.O-O Bd6 24.f4 Qb8 25.Rae1 Kd7 26.Re4 Qa7+ 27.Kh1 Rgb8 28.Bd4 Bc5 29.Be5 Bd6
30.b3 Bxe5 31.fxe5 Qc5 32.Qd2 h5 33.Rc1 Qb4 34.Qc2 Qb6 35.Re2 Rd8 36.Qe4 Rc7
37.Rd2 Kc8 38.h3 Kb8 39.Kh2 Rcd7 40.Rd3 Nb4 41.Rxd7 Rxd7 42.Rf1 c5 43.Qf4 Nc2
44.Rf2 Nd4 45.Bd3 Rd8 46.Be4 Qc7 47.Rd2 Ka7 48.h4 Rb8 49.Rd3 Rb4 50.Re3 Nc6
51.Qg3 Nxe5 52.Kg1 Kb6 53.Re1 Ng4 54.Qxc7+ Kxc7 55.Bxg6 fxg6 56.f7 Rb8 57.Rxe6 Rf8
58.Rxg6 Rxf7 59.Rg5 Re7 60.Rxc5+ Kd6 61.Rc1 Re2 62.g3 Rb2 63.Rc8 Kd5 64.Kf1 Ke4
65.Rc5 Ne3+ 66.Kg1 Kf3 67.Rc3 Rb1+  0-1

[Event "49th ch-IND NatA"]
[Site "Aurangabad IND"]
[Date "2011.10.17"]
[Round "9"]
[White "Ashwin,J"]
[Black "Sriram,J"]
[Result "1/2-1/2"]
[WhiteElo "2473"]
[BlackElo "2410"]

1.d4 d5 2.c4 c6 3.Nf3 Nf6 4.Nc3 dxc4 5.a4 Bf5 6.Ne5 Nbd7 7.Nxc4 Qc7 8.g3 e5
9.dxe5 Nxe5 10.Bf4 Nfd7 11.Bg2 f6 12.O-O Nc5 13.Ne3 Bg6 14.b4 Ne6 15.b5 Rd8
16.Qb3 Nd4 17.Qb2 Bc5 18.Rac1 Qe7 19.bxc6 bxc6 20.Bxe5 fxe5 21.Bxc6+ Nxc6
22.Qb5 Bxe3 23.Qxc6+ Qd7 24.Qxd7+ Rxd7 25.fxe3 Ke7 26.e4 Ke6 27.Rfd1 Rxd1+
28.Rxd1 Rc8 29.Nb5 Rc6 30.Nxa7 Ra6 31.Nb5 Rxa4 32.Nc7+ Ke7 33.Nd5+ Ke6 34.Nc3 Rc4
35.Rd3 Bxe4 36.Nxe4 Rxe4 37.Kf2  1/2-1/2

[Event "49th ch-IND NatA"]
[Site "Aurangabad IND"]
[Date "2011.10.17"]
[Round "9"]
[White "Gupta,Ab"]
[Black "Bakre,T"]
[Result "1/2-1/2"]
[WhiteElo "2625"]
[BlackElo "2507"]

1.d4 d5 2.c4 c6 3.Nf3 Nf6 4.Nc3 dxc4 5.a4 Bf5 6.Nh4 e6 7.Nxf5 exf5 8.e3 Bb4
9.Bxc4 O-O 10.Qc2 g6 11.O-O Nbd7 12.f3 Qb6 13.Rd1 c5 14.Na2 cxd4 15.Nxb4 Qxb4
16.Rxd4 Qe1+ 17.Bf1 Rac8 18.Qd2 Qxd2 19.Bxd2 Nc5 20.Ra3 Rfd8 21.Bc3 Nd5 22.Be1 Ne6
23.Rd1 Nb6 24.Rxd8+ Rxd8 25.a5 Nd5 26.Bc4 Ndc7 27.Rd3 Rxd3 28.Bxd3 Kf8 29.Kf2 Ke7
30.Ke2 Nd5 31.g3 Kd6 32.e4 fxe4 33.fxe4 Nf6 34.h3 Nd7 35.Bb4+ Kc6 36.Ke3 Ne5
37.Be2 h5 38.Bd2 Kd6 39.Bb4+ Kc6 40.Bc3 Kd6 41.Bb5 Nc6 42.Bc4 b6 43.a6 Ne5
44.Bb4+ Nc5  1/2-1/2

[Event "Indonesia Open"]
[Site "Jakarta INA"]
[Date "2011.10.17"]
[Round "6.6"]
[White "Ganguly,S"]
[Black "Paragua,M"]
[Result "1-0"]
[WhiteElo "2631"]
[BlackElo "2533"]

1.d4 d5 2.c4 c6 3.Nf3 Nf6 4.Nc3 dxc4 5.a4 Bf5 6.Ne5 Nbd7 7.Nxc4 Nb6 8.Ne5 a5
9.e3 h6 10.f3 e6 11.e4 Bh7 12.Be3 Nfd7 13.Nd3 Nc4 14.Bf2 e5 15.d5 Be7 16.Qb3 Nd6
17.Be2 O-O 18.O-O Kh8 19.Rad1 Qc7 20.Rc1 c5 21.Nb5 Nxb5 22.Qxb5 Rfc8 23.Ne1 f5
24.exf5 Nf6 25.Qb3 Bxf5 26.Bd3 Bxd3 27.Nxd3 c4 28.Qb5 e4 29.fxe4 Nxe4 30.Bb6 Qd6
31.Rce1 cxd3 32.Rxe4 Qxb6+ 33.Qxb6 Bc5+ 34.Qxc5 Rxc5 35.Rd4 Rd8 36.Rf5 Rc1+
37.Kf2 Rc2+ 38.Kf3 Rxb2 39.d6 Rb4 40.Rfd5 Kg8 41.Rxb4 axb4 42.Rxd3 Kf7 43.Rd4 b6
44.d7 Ke7 45.Rxb4 Rxd7 46.Rxb6 Rd3+ 47.Ke2 Ra3 48.Rb4 Ra2+ 49.Kf3 Ra3+ 50.Kf4 Ra2
51.Kf3 Ra3+ 52.Kg4 Ra2 53.Kh3 Kf6 54.Rb6+ Kf7 55.Rb4 h5 56.Kg3 Ra3+ 57.Kh4 Ra2
58.Kxh5 Rxg2 59.h4 Kf6 60.Rf4+ Ke6 61.Rg4 Ra2 62.Kg6 Ke5 63.a5 Ke6 64.Rg5  1-0

[Event "49th ch-IND NatA"]
[Site "Aurangabad IND"]
[Date "2011.10.21"]
[Round "13"]
[White "Laxman,R"]
[Black "Suvrajit,S"]
[Result "1/2-1/2"]
[WhiteElo "2451"]
[BlackElo "2384"]

1.Nf3 d5 2.d4 Nf6 3.c4 c6 4.Nc3 dxc4 5.a4 Bf5 6.e3 e6 7.Bxc4 Bb4 8.O-O Nbd7
9.Qe2 O-O 10.e4 Bg6 11.e5 Nd5 12.Nxd5 cxd5 13.Bd3 Be7 14.a5 a6 15.Bd2 Nb8
16.Ne1 Nc6 17.Bc3 Rc8 18.Nc2 Qd7 19.Bxg6 fxg6 20.f4 g5 21.fxg5 Bxg5 22.Nb4 Rxf1+
23.Rxf1 Nxb4 24.Bxb4 Be7 25.Qd2 h6 26.Bxe7 Qxe7 27.Rc1 Rf8 28.Rf1 Rxf1+ 29.Kxf1 Qh4
30.h3 Qe4 31.Qb4 Qd3+ 32.Ke1 Kh7 33.Qxb7 Qe3+ 34.Kf1 Qd3+ 35.Ke1 Qe3+ 36.Kf1 Qd3+
37.Ke1  1/2-1/2

[Event "26th Le Touquet Open"]
[Site "Le Touquet FRA"]
[Date "2011.10.22"]
[Round "1.8"]
[White "Vaillant,S"]
[Black "Marechal,A"]
[Result "0-1"]
[WhiteElo "1989"]
[BlackElo "2336"]

1.d4 d5 2.Nf3 Nf6 3.c4 c6 4.Nc3 dxc4 5.a4 Bf5 6.e3 e6 7.Bxc4 Bb4 8.O-O O-O
9.Qe2 Bg6 10.Ne5 Nbd7 11.Nxg6 hxg6 12.e4 Nb6 13.Bb3 Qxd4 14.a5 Nbd7 15.Rd1 Qe5
16.f4 Qh5 17.Qxh5 gxh5 18.e5 Nd5 19.Ne4 Nc5 20.Bc2 Nxe4 21.Bxe4 g6 22.g3 Rfd8
23.Bd2 Rac8 24.Kf2 Bxd2 25.Rxd2 Kf8 26.Ra3 Ke7 27.Rb3 Rb8 28.Rc2 Rdc8 29.Kf3 b6
30.axb6 axb6 31.h3 c5 32.g4 hxg4+ 33.hxg4 Nb4 34.Rh2 Rh8 35.Rxh8 Rxh8 36.Kg3 Rd8
37.Ra3 Rd4 38.Ra7+ Kf8 39.Kf3 Nd5 40.f5 gxf5 41.gxf5 exf5 42.Bxd5 Rxd5 43.Kf4 Rd2
44.Kxf5 Rf2+ 45.Ke4 Rxb2 46.Kd5 Rd2+ 47.Kc6 Re2 48.Kxb6 Rxe5 49.Rc7 Kg7 50.Rxc5 Rxc5
51.Kxc5 Kf6 52.Kd4 Kg5 53.Ke3 Kg4 54.Kf2 Kf4 55.Ke2 Kg3  0-1

[Event "TCh-BEL 2011-12"]
[Site "Belgium BEL"]
[Date "2011.10.23"]
[Round "2.7"]
[White "Bruehl,A"]
[Black "Ringoir,T"]
[Result "1/2-1/2"]
[WhiteElo "2346"]
[BlackElo "2414"]

1.Nf3 d5 2.d4 Nf6 3.c4 c6 4.Nc3 dxc4 5.a4 Bf5 6.e3 e6 7.Bxc4 Bb4 8.O-O O-O
9.h3 Nbd7 10.Nh4 Nb6 11.Bb3 a5 12.Nxf5 exf5 13.Na2 Bd6 14.Bd2 Nbd5 15.Nc1 Ne4
16.Nd3 Qb6 17.Bc4 Rfe8 18.Qc2 f4 19.Nxf4 Bxf4 20.exf4 Qxd4 21.Rad1 Qc5 22.Bd3 Qxc2
23.Bxc2 Nxd2 24.Rxd2 Nxf4 25.Rd7 Rab8 26.Bb3 Ne6 27.Re1 Kf8 28.f4 Nd8 29.Red1 Re3
30.Bc4 Ke8 31.f5 Re5 32.g4 b5 33.axb5 cxb5 34.Bf1 a4 35.Rc7 b4 36.Ra7 h5
37.Rxa4 hxg4 38.hxg4 Re4 39.Kf2 Rxg4 40.Kf3 Rh4 41.Kg3 Rh5 42.Kg4 Rh2 43.b3 Nc6
44.Re1+ Kf8 45.Ra6 Rh6 46.Bc4 Rd6 47.Kf4 Rd4+ 48.Re4 Rxe4+ 49.Kxe4 Ne7 50.f6 Ng8
51.Ra7 Nh6 52.fxg7+ Kxg7 53.Kd4 Kg6  1/2-1/2

[Event "Banicky kahanec 2011"]
[Site "Zajezova SVK"]
[Date "2011.10.24"]
[Round "1"]
[White "Meszaros,Mi"]
[Black "Straka,Jos"]
[Result "1/2-1/2"]
[WhiteElo "2377"]
[BlackElo "2299"]

1.d4 d5 2.c4 c6 3.Nf3 Nf6 4.Nc3 dxc4 5.a4 Bf5 6.e3 e6 7.Bxc4 Bb4 8.O-O O-O
9.Nh4 Bg4 10.f3 Bh5 11.g4 Nd5 12.Ng2 Bg6 13.Qb3 Qe7 14.a5 b5 15.axb6 Nxb6
16.Be2 f6 17.Na4 N8d7 18.e4 Nxa4 19.Qxa4 c5 20.Be3 cxd4  1/2-1/2

[Event "World Youth U16 Ol"]
[Site "Kocaeli TUR"]
[Date "2011.10.25"]
[Round "3.2"]
[White "Girish,A"]
[Black "Gabuzyan,H"]
[Result "0-1"]
[WhiteElo "2379"]
[BlackElo "2404"]

1.d4 d5 2.Nf3 Nf6 3.c4 c6 4.Nc3 dxc4 5.a4 Bf5 6.Ne5 Nbd7 7.Nxc4 Qc7 8.g3 e5
9.dxe5 Nxe5 10.Bf4 Nfd7 11.Bg2 g5 12.Ne3 gxf4 13.Nxf5 O-O-O 14.Qc2 fxg3 15.hxg3 Kb8
16.O-O h5 17.Rfb1 Bb4 18.Na2 Qb6 19.Nxb4 Qxb4 20.Ra3 Nc5 21.Rc3 Nxa4 22.Re3 Qb5
23.Ra1 Nb6 24.Rb3 Qc4 25.Rc3 Qb4 26.Raa3 Ng4 27.e3 Rhe8 28.Bf3 Ne5 29.Be2 Rg8
30.Bxh5 Rh8 31.Be2 Rh7 32.Rab3 Rdh8 33.g4 Rh1+ 34.Kg2 Qf8 35.Rc5 R8h2+ 36.Kg3 Qh8
37.Qc3 Rg1+ 38.Kf4 Rxf2+ 39.Ke4 f6 40.Rxe5 fxe5 41.Bf3 Rxf3 42.Kxf3 Qh1+
43.Ke2 Rg2+ 44.Kd3 Qb1+  0-1

[Event "World Youth U16 Ol"]
[Site "Kocaeli TUR"]
[Date "2011.10.29"]
[Round "7.4"]
[White "Ozen,Bahadir"]
[Black "Al Tarbosh,W"]
[Result "1/2-1/2"]
[WhiteElo "1759"]
[BlackElo "2251"]

1.d4 d5 2.c4 c6 3.Nc3 Nf6 4.Nf3 dxc4 5.a4 Bf5 6.e3 e6 7.Bxc4 Bb4 8.O-O O-O
9.Qe2 Nbd7 10.e4 Bg6 11.Bd3 Qa5 12.e5 Nd5 13.Bxg6 hxg6 14.Ne4 Qa6 15.Qd1 c5
16.Nfg5 cxd4 17.Qf3 f6 18.Qh3 fxg5 19.Nxg5 Rfe8 20.Qh7+ Kf8 21.Qh8+ Ke7 22.Qxg7+ Kd8
23.Nf7+ Kc7 24.Bg5 Rac8 25.Qxg6 Kb8 26.Rfd1 Qe2 27.Rac1 Nxe5 28.Nxe5 Qxe5
29.h4 Nf4 30.Bxf4 Qxf4 31.Rxc8+ Rxc8 32.Qxe6 Rf8 33.Qe2 Bc5 34.Rd3 a6 35.b3 Qxh4
36.Qe5+ Ka8 37.Qxc5 Qxf2+ 38.Kh2 Qf4+ 39.Kg1 Qf1+ 40.Kh2 Rg8 41.Qc2 Rxg2+
42.Qxg2 Qxd3 43.Qd5 Qe2+ 44.Kh1 Qd1+ 45.Kh2 Qc2+ 46.Kg1 Qc1+ 47.Kh2 Qd2+
48.Kh1 a5 49.Kg1 Qc3 50.Kf2 Qc2+ 51.Kf1 Qd2 52.Qd8+ Ka7 53.Qd5 Qc1+ 54.Kf2 Qc2+
55.Kf1 Qd3+ 56.Kf2 Qc3 57.Ke2 Qe3+ 58.Kd1 Qd3+ 59.Ke1 Qe3+ 60.Kd1 Qc3 61.Ke2 Qe3+
62.Kd1 Qg1+ 63.Ke2 Qg4+ 64.Kd3 Qd1+ 65.Ke4 Qc2+ 66.Kxd4 Qd2+ 67.Ke4 Qg2+
68.Kd4 Qf2+ 69.Ke4 Qb6 70.Qd4 Qxd4+ 71.Kxd4 b6 72.Kd5 Kb7 73.Kd6 Ka6 74.Kc6 Ka7
75.Kc7 Ka6 76.Kc6 Ka7 77.Kc7  1/2-1/2

[Event "World Youth U16 Ol"]
[Site "Kocaeli TUR"]
[Date "2011.10.29"]
[Round "7.19"]
[White "Lee Kah Meng Elgin"]
[Black "Hasenohr,B"]
[Result "1/2-1/2"]
[WhiteElo "1984"]
[BlackElo "2155"]

1.d4 d5 2.c4 c6 3.Nc3 Nf6 4.Nf3 dxc4 5.a4 Bf5 6.e3 e6 7.Bxc4 Bb4 8.O-O Nbd7
9.Qe2 O-O 10.e4 Bg6 11.Bd3 Bh5 12.e5 Nd5 13.Nxd5 cxd5 14.Qe3 Be7 15.Bd2 Nb8
16.b4 Nc6 17.Rab1 Bg6 18.Rfc1 Bxd3 19.Qxd3 f6 20.Qc3 fxe5 21.dxe5 Rc8 22.b5 Nb8
23.Qe3 b6 24.Nd4 Qd7 25.Qh3 Rxc1+ 26.Rxc1 Rc8 27.Rxc8+ Qxc8 28.Qxe6+ Qxe6
29.Nxe6 Nd7 30.f4 Kf7 31.Nc7 Nc5 32.Nxd5 Nxa4 33.Kf2 Nc5 34.Nxe7 Kxe7 35.Bb4 Ke6
36.Bxc5 bxc5 37.Ke3 Kd5 38.Kd3 c4+ 39.Kc3 h5 40.h4 g6 41.Kb4 Kd4 42.e6 c3
43.e7 c2 44.e8=Q c1=Q 45.Qe5+ Kd3 46.Qd5+ Ke3 47.Qf3+  1/2-1/2

[Event "38th ch-IND w 2011"]
[Site "Chennai IND"]
[Date "2011.10.31"]
[Round "3"]
[White "Sachdev,T"]
[Black "Nimmy,A"]
[Result "1-0"]
[WhiteElo "2419"]
[BlackElo "2252"]

1.d4 d5 2.c4 c6 3.Nf3 Nf6 4.Nc3 dxc4 5.a4 Bf5 6.Nh4 Bg4 7.h3 Bh5 8.g4 Bg6
9.Bg2 e6 10.O-O Bb4 11.Nxg6 hxg6 12.e4 O-O 13.Be3 Nbd7 14.Qe2 Nb6 15.g5 Nfd7
16.h4 e5 17.Rfd1 exd4 18.Bxd4 Qc7 19.a5 Nc8 20.a6 b5 21.e5 Bxc3 22.Bxc3 Re8
23.Qe4 Re6 24.Bh3 Re7 25.e6 Ncb6 26.Bb4 c5 27.Qxa8+ Nxa8 28.exd7 Rxd7 29.Rxd7 Qe5
30.Re1 Qxb2 31.Re8+ Kh7 32.Rdd8  1-0

[Event "US Chess League 2011"]
[Site "ICC INT"]
[Date "2011.11.02"]
[Round "10"]
[White "Defibaugh,J"]
[Black "Bournival,B"]
[Result "1/2-1/2"]
[WhiteElo "2178"]
[BlackElo "2320"]

1.d4 d5 2.c4 c6 3.Nf3 Nf6 4.Nc3 dxc4 5.a4 Bf5 6.Ne5 Nbd7 7.Nxc4 Nb6 8.Ne3 Bg6
9.a5 Nbd7 10.Qb3 b5 11.g3 e6 12.Bg2 Rc8 13.Nc2 Bxc2 14.Qxc2 Bb4 15.O-O Bxa5
16.Ne4 Nxe4 17.Bxe4 h6 18.Bxc6 O-O 19.Qe4 Nf6 20.Qf3 Qb6 21.Be3 Qxc6 22.Rxa5 a6
23.Kg2 Qxf3+ 24.Kxf3 Rc6 25.Rfa1 Rc2 26.Rxa6 Rxb2 27.Rb6 Rd8 28.Rb7 Rd7 29.Ra8+ Kh7
30.Rxd7 Nxd7 31.Ra7 Nf6 32.Rxf7 Nd5 33.Bf4 Kg6 34.Rb7 Nxf4 35.gxf4 b4 36.e4 Rb3+
37.Kg2 Rb2 38.Kg3 b3 39.Kf3 Rb1 40.Ke2 Kf6 41.h4 g5 42.fxg5+ hxg5 43.hxg5+ Kxg5
44.d5 exd5 45.exd5 Kf6 46.d6 Ke6 47.d7 Ke7 48.Kf3 b2 49.Kf4 Rd1 50.Rxb2 Rxd7
51.Kg5 Kf7 52.f4 Rd5+ 53.f5 Rd6 54.Rb7+ Kf8 55.Kf4 Ra6 56.Rb5 Kf7 57.Ke5 Rc6
58.Rb7+ Kf8 59.Kf4 Ra6 60.Kg5 Rc6 61.f6 Rc1  1/2-1/2

[Event "TCh-AUT 2 Ost 2011-12"]
[Site "Vienna AUT"]
[Date "2011.11.05"]
[Round "3"]
[White "Reinwald,P"]
[Black "Liedl,W"]
[Result "0-1"]
[WhiteElo "2126"]
[BlackElo "2224"]

1.d4 d5 2.c4 c6 3.Nf3 Nf6 4.Nc3 dxc4 5.a4 Bf5 6.Ne5 Nbd7 7.Nxc4 Qc7 8.g3 e5
9.dxe5 Nxe5 10.Bf4 Nfd7 11.Bg2 f6 12.O-O O-O-O 13.Qc1 Nc5 14.Bxe5 fxe5 15.Qe3 Nb3
16.Rad1 Bc5 17.Qxe5 Qxe5 18.Nxe5 Rhe8 19.Nf7 Rd2 20.Rxd2 Nxd2 21.Rd1 Nc4
22.b3 Na5 23.e4 Be6 24.Nd6+ Bxd6 25.Rxd6 Kc7 26.e5 Bxb3 27.f4 Nc4 28.Rd3 Nb2
29.Rd4 a5 30.Kf2 Rd8 31.Rxd8 Kxd8 32.Ne4 Nxa4 33.Nd6 Nc5 34.Ke3 a4 35.Kd2 a3
36.Kc1 g5 37.fxg5 Nd3+ 38.Kb1 b5 39.Bxc6 b4 40.Be4 Bc2+ 41.Kxc2 a2 42.Bxd3 a1=Q
43.Bxh7 Qc3+ 44.Kd1 b3 45.Ke2  0-1

[Event "Zakopane Open"]
[Site "Zakopane POL"]
[Date "2011.11.07"]
[Round "2"]
[White "Parligras,C"]
[Black "Domanski,Lukasz"]
[Result "1-0"]
[WhiteElo "2251"]
[BlackElo "1451"]

1.Nf3 d5 2.d4 c6 3.c4 Nf6 4.Nc3 dxc4 5.a4 Bf5 6.Ne5 Nbd7 7.Nxc4 e6 8.g3 Be7
9.Bg2 O-O 10.O-O a6 11.Qb3 b5 12.Ne3 Rc8 13.Nxf5 exf5 14.axb5 axb5 15.Rd1 Qb6
16.Be3 Qc7 17.d5 cxd5 18.Bxd5 b4 19.Nb5 Qc2 20.Nd4 Qxb3 21.Bxb3 g6 22.Ra7 Rfd8
23.Nf3 Bc5 24.Bxc5 Rxc5 25.Ba4 Rcc8 26.Bxd7 Nxd7 27.Raxd7 Re8 28.R1d2 Rb8
29.Rc7 Rec8 30.Rdd7 Rxc7 31.Rxc7 Kg7 32.Ne5  1-0